ბათუმის შოთა რუსთაველის სახელმწიფო უნივერსიტეტის ბიბლიოთეკა

იმ დალოცვილ აჭიმეთში (ბიბ.ჩანაწერი № 42900)

000 -LEADER
fixed length control field 00795nam a2200229Ia 4500
001 - CONTROL NUMBER
control field 9616
003 - CONTROL NUMBER IDENTIFIER
control field GE_BSU
008 - FIXED-LENGTH DATA ELEMENTS--GENERAL INFORMATION
fixed length control field 181216s||||||||xx |||||||||||||| ||und||
040 ## - CATALOGING SOURCE
Transcribing agency GE_BSU
080 ## - UNIVERSAL DECIMAL CLASSIFICATION NUMBER
Universal Decimal Classification number 821.353.1-22
100 ## - MAIN ENTRY--PERSONAL NAME
Personal name მარუაშვილი,გივი
245 ## - TITLE STATEMENT
Title იმ დალოცვილ აჭიმეთში
245 ## - TITLE STATEMENT
Remainder of title სატირული კომედია
245 ## - TITLE STATEMENT
Statement of responsibility, etc. რედ:ნ.გურაბანიძე;მხატვ:თ.სამსონაძე
260 ## - PUBLICATION, DISTRIBUTION, ETC.
Place of publication, distribution, etc. თბილისი.
260 ## - PUBLICATION, DISTRIBUTION, ETC.
Name of publisher, distributor, etc. ხელოვნება
260 ## - PUBLICATION, DISTRIBUTION, ETC.
Date of publication, distribution, etc. 1969
300 ## - PHYSICAL DESCRIPTION
Extent 96გვ;16სმ.
653 ## - INDEX TERM--UNCONTROLLED
Uncontrolled term იმ დალოცვილ აჭიმეთში
653 ## - INDEX TERM--UNCONTROLLED
Uncontrolled term სატირული კომედია
942 ## - ADDED ENTRY ELEMENTS (KOHA)
Koha item type წიგნი
ეგზემპლარები
Withdrawn status Lost status Damaged status Not for loan Date acquired Barcode Date last seen Price effective from Koha item type
        2018-12-17 32550 2018-12-17 2018-12-17 წიგნი